000 01215mas a2200373 a 4500
008
022 0 _a0838505651(pbk.)
049 _aMAIN
050 0 0 _aRM300 KAT
245 0 0 _aBasic & clinical pharmacology.
246 1 0 _aBasic and clinical pharmacology
260 _aLos Altos, Calif. :
_bLange Medical Publications,
_cc1982-
300 _axii, 1151p. :
_bill. ;
_c25 cm.
310 _aBiennial,
_b<1986->
321 _aIrregular,
_b1982-
362 0 _a7th ed.
440 2 _aA Concise medical library for practitioner and student
500 _a"A Lange medical book."
504 _aIncludes bibliographical references
500 _aIncludes Index.
515 _aVol. for 1982 lacks designation but constitutes 1st ed.
530 _aAlso available on the Internet.
650 0 _aPharmacology
_xPeriodicals.
650 2 _aPharmacology.
650 2 _aPharmacology, Clinical.
700 1 _aKatzung, Bertram G.
730 0 _aSTAT!Ref.
780 0 0 _tReview of medical pharmacology
_x0557-7519
_w(DLC) 86645487
_w(OCoLC)02254851
907 _a.b10255862
_b18-07-12
_c14-05-08
003
005 20230123114459.0
040 _cNUST
942 _cBOOKS
999 _c122234
_d122234